书目信息 |
| 题名: |
服装画电脑表现方法
|
|
| 作者: | 曹建中 著 | |
| 分册: | ||
| 出版信息: | 上海 东华大学出版社 2003.08 |
|
| 页数: | 282页 | |
| 开本: | 27×29cm | |
| 丛书名: | ||
| 单 册: | ||
| 中图分类: | TS941.26 | |
| 科图分类: | ||
| 主题词: | 服装--绘画--计算机辅助技术 , 服装 , 计算机辅助技术 | |
| 电子资源: | ||
| ISBN: | 7-81038-662-X | |
| 000 | 00916nam0 2200277 45 | |
| 001 | 012003094216 | |
| 005 | 20050111151257.91 | |
| 009 | 012003094216 | |
| 010 | @a7-81038-662-X@dCNY 128.00 | |
| 100 | @a20031222d2003 em y0chiy0121 e | |
| 101 | 0 | @achi |
| 102 | @aCN@b310000 | |
| 105 | @af z 000yy | |
| 200 | 1 | @a服装画电脑表现方法@f曹建中著@Afu zhuang hua dian nao biao xian fang fa |
| 210 | @a上海@c东华大学出版社@d2003.08 | |
| 215 | @a282页@c图@d27×29cm | |
| 304 | @a英文题名:Computer-Enhanced Pesentation of Fashion Sketch | |
| 510 | 1 | @aComputer-Enhanced Pesentation of Fashion Sketch@zeng |
| 606 | 0 | @a服装@x绘画@x计算机辅助技术 |
| 606 | 0 | @a服装 |
| 606 | 0 | @a计算机辅助技术 |
| 690 | @aTS941.26@v4 | |
| 701 | 0 | @a曹建中@4著@Acao jian zhong |
| 801 | 0 | @aCN@b541@c20050111 |
| 905 | @a10447@dTS941.26@eC120 | |
| 999 | @tA@Azxl@a20031222 12:11:02@Mdjq@m20031223 15:05:31@Gdjq@g20031223 15:05:32 | |
| 服装画电脑表现方法/曹建中著.-上海:东华大学出版社,2003.08 |
| 282页:图;27×29cm |
| ISBN 7-81038-662-X:CNY 128.00 |
| ● |
| 相关链接 |
|
|
|
正题名:服装画电脑表现方法
索取号:TS941.26/C120
 
预约/预借
| 序号 | 登录号 | 条形码 | 馆藏地/架位号 | 状态 | 备注 |
| 1 | 436177 | 204361779 | 自科库501/501自科库 73排2列4层/ [索取号:TS941.26/C120] | 在馆 |